Novela zákona o dani z príjmov

Zákon č. 659/2004 Z.z. o dani z príjmov, ktorým sa mení a dopĺňa zákon č. 595/2003 Z.z. v znení neskorších predpisov. Daň z príjmov fyzickej osoby. Daň z príjmov právnickej osoby. Spoločné ustanovenia. Príklady.

Uložené v:
Podrobná bibliografia
Hlavný autor: Faiglová, Svetlana
Ďalší autori: Pohlod, Ján
Médium: Kapitola
Jazyk:Slovak
Predmet:
Tagy: Pridať tag
Žiadne tagy, Buďte prvý, kto otaguje tento záznam!

MARC

LEADER 00000naa$a2200000$$$4500
001 0024460
005 20231114082952.5
041 0 |a slo 
044 |a SK 
245 1 0 |a Novela zákona o dani z príjmov  |c Svetlana Faiglová, Ján Pohlod 
520 |a Zákon č. 659/2004 Z.z. o dani z príjmov, ktorým sa mení a dopĺňa zákon č. 595/2003 Z.z. v znení neskorších predpisov. Daň z príjmov fyzickej osoby. Daň z príjmov právnickej osoby. Spoločné ustanovenia. Príklady. 
610 2 0 |a dane z príjmov 
610 2 0 |a zákony 
610 2 0 |a novelizácia 
610 2 0 |a Slovensko 
610 2 0 |a 2004 
100 1 |a Faiglová, Svetlana 
700 1 |a Pohlod, Ján